000 00543nam a2200193Ia 4500
005 20260415160334.0
008 008 250505s9999 xx 000 0 eng d
037 _aTextual
040 _aFEDL
_beng
_cFEDL
041 _aeng
_2eng
084 _a372.01 CAT
_qFEDL
100 _aCatty Nancy
_9755746
245 0 _aLearning and teaching in the junior school
250 _a2
260 _aLondon, UK
_bMethuen and Co. Ltd.
_c1947
300 _aix,123p
942 _cTEXL
_h372.01 CAT
999 _c1321830
_d1321830